5HLuxD.jpg

KING HENRY VIII SENIOR AND PRIMARY SCHOOL LIBRARY OPAC

The first grade of the first volume of Chinese synchronous exercises(Chinese Edition) (Record no. 3212)

000 -LEADER
fixed length control field 00498nam a22001697a 4500
005 - DATE AND TIME OF LATEST TRANSACTION
control field 20231107113420.0
008 - FIXED-LENGTH DATA ELEMENTS--GENERAL INFORMATION
fixed length control field 231107b ||||| |||| 00| 0 eng d
020 ## - INTERNATIONAL STANDARD BOOK NUMBER
International Standard Book Number 9787542266286
040 ## - CATALOGING SOURCE
Transcribing agency KH8
082 ## - DEWEY DECIMAL CLASSIFICATION NUMBER
Classification number 495.186 HON
100 ## - MAIN ENTRY--PERSONAL NAME
Personal name HONG CHUANG TU SHU
Relator term Author
245 ## - TITLE STATEMENT
Title The first grade of the first volume of Chinese synchronous exercises(Chinese Edition)
Statement of responsibility, etc. HONG CHUANG TU SHU
260 ## - PUBLICATION, DISTRIBUTION, ETC.
Place of publication, distribution, etc. Gansu Children's Publishing House
300 ## - PHYSICAL DESCRIPTION
Extent pages
650 ## - SUBJECT ADDED ENTRY--TOPICAL TERM
Topical term or geographic name entry element Chinese
942 ## - ADDED ENTRY ELEMENTS (KOHA)
Source of classification or shelving scheme
Koha item type Teaching Resources
Holdings
Withdrawn status Lost status Source of classification or shelving scheme Damaged status Not for loan Collection code Permanent Location Current Location Shelving location Date acquired Full call number Barcode Date last seen Price effective from Koha item type
          Teaching Resources KH8 Primary School Library KH8 Primary School Library Staff Office 2023-11-07 495.186 HON TRKHPL000004330 2023-11-07 2023-11-07 Teaching Resources

Powered By KH8 IT Dept